Normal view MARC view
  • Villaseñor, Manuel E.

Entry Nombre Personal

Number of records used in: 5

001 - NUMERO DE CONTROL

  • campo de control: 49018

003 - IDENTIFICADOR DE NUMERO DE CONTROL

  • campo de control: MX-MxUPN

005 - FECHA Y HORA DE LA ÜLTIMA TRANSACCIÓN

  • campo de control: 20230524132047.0

008 - DATOS DE LONGITUD FIJA

  • campo de control de longitud fija: 230524|| aca||aabn | a|a d

040 ## - FUENTE DE CATALOGACIÓN

  • Agencia original de catalogación: MX-MxUPN
  • Lenguaje de catalogación: spa
  • Agencia de transcripción: MX-MxUPN

100 1# - ENCABEZAMIENTO - NOMBRE PERSONAL

  • Nombre personal: Villaseñor, Manuel E.

670 ## - FUENTE EN LA QUE SE LOCALIZARON DATOS

  • Cita de la fuente: Lecciones de física: quinto año de instrucción primaria, 1907:
  • Información localizada: portada (Manuel E. Villaseñor; profesor normalista de México, miembro premiado de la Academia Nacional de Profesores de México)

902 ## - CATALOGADOR

  • Catalogador: Víctor Ruiz/240523